zpět

Detail výsledku týmu

Bartolomějka, Kolín

Datum a čas kvízu

40 Celkem bodů Celkový počet nahraných bodů na tomto kvízu bez doplňovacích otázek.
1. Pořadí na kvízu Konečné umístění týmu na tomto kvízu.

Zaznamenané odpovědi

# Otázka Odpověď Body Výsledky
1. Strážníci v Chodově na Sokolov... hroznýš 0
2. Policista, který se domáhal ná... B) sýr čedar 1
3. Ve čtvrtek vstoupil do českých... Já, padouch / Despicable Me (4); Waze 1
4. V jednom evropském státě se ro... Řecko 1
5. Biniam Girmay je teprve třetím... z Eritrey 0
6. Téma začneme českým filmem Ari... Hynek Čermák, Tatiana Dyková 1
7. Ve filmu V hlavě z roku 2015 j... A) úzkost 1
8. V březnu 2024 jsme se dočkali... 1A 2D 3B 4C 1
9. Premiéru má každý rok velké mn... C 1
10. V roce 2024 přišlo do kin rovn... Frank Herbert, Spasitel Duny 0